000
00290nam a22001217a 4500
082
_a
808.066,GAT'R
100
_a
GATNER, E. S. M
_9
78025
245
_a
RESEARCH AND REPORT WRITING
260
_a
NEWYORK
_b
BARNESS NOBLE
_c
1960
300
_a
142P
700
_a
CORDASCO, F
_9
78026
942
_c
BK
999
_c
583185
_d
583185